[Event "Rewal op-B 16th"]
[Site "Rewal"]
[Date "2011.08.25"]
[Round "6"]
[White "Gotin, Evgeniy"]
[Black "Jastrzebski, Konrad"]
[Result "0-1"]
[WhiteElo "1715"]
[BlackElo "1536"]
[PlyCount "44"]
[EventDate "2011.08.18"]
[EventType "swiss"]
[EventRounds "9"]
[EventCountry "POL"]
[SourceTitle "CBM 144 Extra"]
[Source "ChessBase"]
[SourceDate "2011.10.28"]
[SourceVersion "1"]
[SourceVersionDate "2011.10.28"]
[SourceQuality "1"]

1. e4 c5 2. Nf3 d6 3. d4 cxd4 4. Nxd4 Nf6 5. Nc3 a6 6. Bg5 Nbd7 7. f4 Qc7 8. Qf3 h6 9. Bh4 g5 10. fxg5 hxg5 11. Bxg5 Qc5 12. Be3 Ne5 13. Qe2 Neg4 14. h3 Nxe3 15. Qxe3 Bd7 16. Qd3 Bh6 17. Nb3 Qe5 18. Nd2 b5 19. a3 Ng4 20. Qf3 Ne3 21. Bd3 Qg5 22. g3 Nxc2+ 0-1

[Event "Rewal op-B 15th"]
[Site "Rewal"]
[Date "2010.08.27"]
[Round "9"]
[White "Rogala, Lucyna"]
[Black "Gotin, Evgeniy"]
[Result "1/2-1/2"]
[WhiteElo "1683"]
[BlackElo "1696"]
[PlyCount "108"]
[EventDate "2010.08.18"]
[EventType "swiss"]
[EventRounds "9"]
[EventCountry "POL"]
[SourceTitle "EXT 2014"]
[Source "ChessBase"]
[SourceDate "2013.11.20"]
[SourceVersion "1"]
[SourceVersionDate "2013.11.20"]
[SourceQuality "1"]

1. e4 c5 2. Nf3 g6 3. d4 cxd4 4. Nxd4 Bg7 5. Be2 Nc6 6. Nb3 Nf6 7. Nc3 0-0 8. 0-0 d6 9. Kh1 Be6 10. Be3 d5 11. exd5 Nxd5 12. Nxd5 Bxd5 13. c3 a6 14. Qc2 Qc7 15. Rad1 Rfd8 16. Rd2 Rac8 17. Rfd1 Be6 18. Rxd8+ Rxd8 19. Rxd8+ Qxd8 20. Qd2 Qc7 21. Bf3 Ne5 22. Be2 Nc4 23. Bxc4 Qxc4 24. Kg1 Qd5 25. Qxd5 Bxd5 26. Nc5 Kf8 27. f3 Ke8 28. a3 Kd8 29. Kf2 Kc7 30. Nd3 Kc6 31. Nb4+ Kd6 32. Ke2 Bc4+ 33. Kd2 Be5 34. g3 f5 35. Nc2 Bf6 36. f4 e5 37. fxe5+ Bxe5 38. b4 Kd5 39. Bb6 Bb5 40. Ne3+ Ke4 41. c4 Bc6 42. Nc2 Kf3 43. Ne1+ Ke4 44. Ke2 h6 45. Nd3 Bd4 46. Bc7 g5 47. Bd6 b6 48. h4 Be8 49. Nf2+ Bxf2 50. Kxf2 gxh4 51. gxh4 h5 52. c5 bxc5 53. Bxc5 f4 54. Be7 Bc6 1/2-1/2

[Event "Rewal op-B 15th"]
[Site "Rewal"]
[Date "2010.08.25"]
[Round "6"]
[White "Gotin, Evgeniy"]
[Black "Milanowski, Jan"]
[Result "1/2-1/2"]
[WhiteElo "1696"]
[BlackElo "2049"]
[PlyCount "135"]
[EventDate "2010.08.18"]
[EventType "swiss"]
[EventRounds "9"]
[EventCountry "POL"]
[SourceTitle "EXT 2014"]
[Source "ChessBase"]
[SourceDate "2013.11.20"]
[SourceVersion "1"]
[SourceVersionDate "2013.11.20"]
[SourceQuality "1"]

1. e4 d6 2. d4 Nf6 3. Bd3 e5 4. d5 c6 5. c4 Be7 6. Ne2 0-0 7. 0-0 a5 8. Nbc3 Na6 9. h3 Nc5 10. Bc2 Re8 11. Be3 Bf8 12. a3 g6 13. b4 Ncd7 14. Qd2 Nh5 15. f4 exf4 16. Nxf4 Nxf4 17. Bxf4 axb4 18. axb4 Rxa1 19. Rxa1 Qb6+ 20. Be3 Bh6 21. Bxb6 Bxd2 22. Bd4 c5 23. bxc5 dxc5 24. Nb1 Bb4 25. Bc3 Bxc3 26. Nxc3 Ne5 27. Bb3 Bd7 28. Ra7 Rb8 29. Ra5 b6 30. Ra6 Kg7 31. Kf2 Kf6 32. Ke3 g5 33. Nb5 h5 34. Nc7 Ke7 35. Nb5 h4 36. Nc3 Kd6 37. Nd1 Bc8 38. Ra7 b5 39. cxb5 Rxb5 40. Ba4 Rb4 41. Nc3 Nc4+ 42. Ke2 f5 43. Bc6 Rb2+ 44. Ke1 Rxg2 45. exf5 Bxf5 46. Nb5+ Ke5 47. Re7+ Kf6 48. Ra7 Bxh3 49. d6 Rg1+ 50. Kf2 Rd1 51. d7 Ne5 52. Nc3 Rd2+ 53. Ke1 Rd4 54. Nd5+ Rxd5 55. Bxd5 Bxd7 56. Rc7 g4 57. Kf1 c4 58. Bxc4 Nxc4 59. Rxd7 Ne5 60. Rd4 Kf5 61. Kg2 Nf3 62. Ra4 Ng5 63. Rb4 Ne4 64. Rb8 Kf4 65. Rf8+ Kg5 66. Rg8+ Kf5 67. Rh8 h3+ 68. Rxh3 1/2-1/2

[Event "EU-chT School U12 4th"]
[Site "Varna"]
[Date "2009.06.15"]
[Round "3.1"]
[White "Pacuraru, Codin Iosif"]
[Black "Gotin, Evgeniy"]
[Result "0-1"]
[WhiteElo "1453"]
[BlackElo "1712"]
[PlyCount "116"]
[EventDate "2009.06.13"]
[EventType "team"]
[EventRounds "5"]
[EventCountry "BUL"]
[SourceTitle "EXT 2020"]
[Source "ChessBase"]
[SourceDate "2019.10.17"]
[SourceVersion "1"]
[SourceVersionDate "2019.10.17"]
[SourceQuality "1"]

1. d4 d5 2. c4 e6 3. Nc3 Nf6 4. Bg5 Nbd7 5. Nf3 Nb6 6. cxd5 exd5 7. e3 Bf5 8. Bd3 Bxd3 9. Qxd3 Be7 10. 0-0 0-0 11. a3 Ne4 12. Bxe7 Qxe7 13. Nd2 f5 14. b3 c6 15. Rfc1 Nd7 16. Nf3 f4 17. Re1 Rae8 18. exf4 Rxf4 19. Re3 Qf8 20. Rae1 Nd6 21. Rxe8 Nxe8 22. Qe3 Nc7 23. b4 Rf7 24. h3 a5 25. Na2 axb4 26. Nxb4 Nb5 27. Qe8 Nxa3 28. Qxf8+ Kxf8 29. Ra1 Nb5 30. Ra8+ Ke7 31. Ng5 Rf4 32. Nxh7 Rxd4 33. Nc2 Rd1+ 34. Kh2 Rd2 35. Ne3 Rxf2 36. Rg8 Kf7 37. Rd8 Nf6 38. Nxf6 Rxf6 39. Rd7+ Ke6 40. Rxb7 Rf7 41. Rxf7 Kxf7 42. Kg3 Nd6 43. Kf4 Kg6 44. Ke5 Nc4+ 45. Nxc4 dxc4 46. Kd4 Kf5 47. Kxc4 Kf4 48. Kc5 Kg3 49. Kxc6 Kxg2 50. h4 Kg3 51. h5 Kg4 52. Kd5 Kxh5 53. Ke4 g5 54. Kf3 Kh4 55. Kf2 Kh3 56. Kg1 g4 57. Kh1 g3 58. Kg1 g2 0-1